Statistics for Football : 90's record transfers

Click here to take the quiz!

General Stats

  • This quiz has been taken 502 times
  • The average score is 6 of 10

Answer Stats

Season Country Player From To Transfer Fee % Correct
1997-1998BrazilRonaldoFC BarcelonaInter Milan28M€
92%
1997-1998BrazilRivaldoLa CorunaFC Barcelona23,5M€
73%
1999-2000FranceNicolas AnelkaArsenalReal Madrid35M€
67%
1999-2000ItalyChristian VieriLazioInter Milan45M€
66%
1998-1999BrazilDenilsonSao PauloBetis Sevilla31,5M€
59%
1999-2000ArgentinaJuan Sebastian VeronParmaLazio30M€
54%
1999-2000NetherlandsClarence SeedorfReal MadridInter Milan24,5M€
52%
1999-2000ItalyVincenzo MontellaSampdoriaAS Roma25M€
26%
1999-2000BrazilMarcio AmorosoUdineseParma28M€
19%

Score Distribution

Percentile by Number Answered

Percent of People with Each Score

Your Score History

You have not taken this quiz